Canadian Capitals, East to West Quiz Stats

 Plays Quiz not verified by Sporcle

Score 0/13 Timer 08:00
0 Plays Today
Rank Capital City % Correct
2Halifax, Nova Scotia
92.3%
1St. John's, Newfoundland
87.7%
3Charlottetown, Prince Edward Island
83.8%
5Quebec, Quebec
76.9%
13Victoria, British Columbia
73.1%
7Toronto, Ontario
70%
8Winnipeg, Manitoba
70%
9Regina, Saskatchewan
69.2%
11Edmonton, Alberta
67.7%
10Yellowknife, Northwest Territories
65.4%
12Whitehorse, Yukon
60.8%
6Iqaluit, Nunavut
52.3%
4Fredricton, New Brunswick
49.2%

You're not logged in!

Compare scores with friends on all Sporcle quizzes.
OR
Log In

Show Comments

Extras

Top Quizzes Today


Score Distribution

Your Account Isn't Verified!

In order to create a playlist on Sporcle, you need to verify the email address you used during registration. Go to your Sporcle Settings to finish the process.

Report this User

Report this user for behavior that violates our Community Guidelines.

Details: